[Event "TCh-CZE 2001-2"]
[Site "CZE"]
[Date "2001.11.18"]
[Round "3"]
[White "Rasik,V"]
[Black "Hasangatin,R"]
[Result "1-0"]
[WhiteElo "2432"]
[BlackElo "2480"]

1.e4 c5 2.Nf3 e6 3.d4 cxd4 4.Nxd4 Nc6 5.Nb5 Nf6 6.Bf4 e5 7.Bg5 d6 8.Nd2 a6
9.Bxf6 gxf6 10.Nc3 b5 11.a4 b4 12.Nd5 Be6 13.Nc4 Ra7 14.Nce3 Bg7 15.Bd3 O-O
16.O-O a5 17.Qh5 Ne7 18.Nxe7+ Rxe7 19.Rae1 Kh8 20.f4 Rg8 21.f5 Bc8 22.Rf3 Bf8
23.Rh3 Rg7 24.Nd5 Ra7 25.Ree3 Be7 26.Reg3 Qg8 27.Nxe7 Rxe7 28.Qh6 d5 29.Qxf6 Rd7
30.Rh4  1-0

[Event "TCh-CZE 2001-2"]
[Site "CZE"]
[Date "2001.12.16"]
[Round "5"]
[White "Michalek,J"]
[Black "Chloupek,S"]
[Result "1/2-1/2"]
[WhiteElo "2401"]
[BlackElo "2330"]

1.e4 c5 2.Nf3 e6 3.d4 cxd4 4.Nxd4 Nc6 5.Nb5 d6 6.Bf4 e5 7.Be3 a6 8.N5c3 Nf6
9.Bg5 Be7 10.Nd2 O-O 11.Bxf6 Bxf6 12.Nc4 b5 13.Qxd6 Qxd6 14.Nxd6 Be6 15.Bd3 Be7
16.Nf5 Bb4 17.O-O g6 18.Ne3 Bxc3 19.bxc3 Na5 20.a4 Nc4 21.Bxc4 Bxc4 22.Rfd1 Rfd8
23.f3 Be6 24.axb5 axb5 25.Rxa8 Rxa8 26.Rb1 Bc4 27.Kf2 Ra3 28.Nd1 Ra2 29.Ne3 Ra3
30.Ke1 Rxc3 31.Kd2 Ra3 32.Rb4 Ra1 33.Nxc4 bxc4 34.Kc3 Rg1 35.Rb8+ Kg7 36.Rd8 Rxg2
37.Rd2 Rg1 38.Kxc4 Rf1 39.Kd5 Rxf3 40.Kxe5 Rc3 41.Rf2 Kf8 42.Kd4 Rc8 43.c4 Ke7
44.Ra2 Rd8+ 45.Kc3 Ke6 46.c5 Rd1 47.Kc4 f5 48.exf5+ Kxf5 49.Re2 g5 50.c6 Rc1+
51.Kd5 Rd1+ 52.Kc5 Rc1+ 53.Kd6 Rd1+ 54.Ke7 Rc1 55.Kd7 Rd1+ 56.Kc8 Rc1 57.c7 h5
58.Re8 Kg4 59.Kd7 Kh3 60.Re5 Kxh2 61.Rxg5 h4 62.Rg6 h3 63.Rc6 Rxc6 64.Kxc6 Kg1
65.c8=Q  1/2-1/2

[Event "5th New Year ELO"]
[Site "Lohmar GER"]
[Date "2001.12.27"]
[Round "1"]
[White "Koenig,C"]
[Black "Claassen,J"]
[Result "0-1"]
[WhiteElo "2190"]
[BlackElo "2140"]

1.e4 c5 2.Nf3 Nc6 3.d4 cxd4 4.Nxd4 e6 5.Nb5 d6 6.c4 a6 7.N5c3 Nf6 8.Be2 Qc7
9.O-O b6 10.Be3 Bb7 11.Nd2 Rb8 12.Rc1 Ne5 13.f4 Ned7 14.Bf3 Be7 15.Qe2 O-O
16.g4 Ne8 17.g5 Rd8 18.Bg4 Qb8 19.Rf3 Nc7 20.Rh3 Rfe8 21.Qf2 b5 22.cxb5 axb5
23.a3 d5 24.exd5 Nxd5 25.Nxd5 Bxd5 26.f5 exf5 27.Bxf5 g6 28.Bxd7 Rxd7 29.Qh4 h5
30.Nf1 Qe5 31.b4 Qb2 32.Qf2 Qxa3 33.Rh4 Bc4 34.Rb1 Qd3 35.Ra1 Bxb4 36.Rd4 Rxd4
37.Bxd4 Bc3 38.Bxc3 Qxc3  0-1

[Event "8th Open"]
[Site "Bosnjaci CRO"]
[Date "2002.01.03"]
[Round "1"]
[White "Zivkovic,Vj"]
[Black "Perkovic,Z"]
[Result "1-0"]
[WhiteElo "2350"]
[BlackElo "2057"]

1.e4 c5 2.Nf3 e6 3.d4 cxd4 4.Nxd4 Nc6 5.Nb5 d6 6.Bf4 e5 7.Be3 a6 8.N5c3 Nf6
9.Nd2 b5 10.Bg5 Be6 11.a4 b4 12.Nd5 Bxd5 13.exd5 Ne7 14.Bc4 Qc8 15.Bb3 Nd7
16.Nc4 Nf5 17.a5 h6 18.Be3 Nxe3 19.fxe3 Be7 20.Qe2 O-O 21.Ba4 Ra7 22.Bxd7 Qxd7
23.e4 f5 24.O-O f4 25.b3 g5 26.Ra4 Qb5 27.Qg4 Kg7 28.Raa1 Rf6 29.h4 Rg6 30.h5 Rf6
31.Kh2 Bd8 32.Qc8 Qd7 33.Qxd7+ Rxd7 34.Kh3 Kh7 35.Kg4 Rb7 36.Ra4 Rb5 37.Kf3 Bc7
38.Nb2 Rf8 39.Nd3 Rfb8 40.Kg4 Kg7 41.Kf5 Kf7 42.Rc1 Bd8 43.Nf2 Bf6 44.Ng4 Bg7
45.c4 bxc3 46.Rxc3 R5b7 47.Rac4 Re8 48.Rc7+ Rxc7 49.Rxc7+ Re7 50.Rc6  1-0

[Event "XXVII Open"]
[Site "Seville ESP"]
[Date "2002.01.15"]
[Round "5"]
[White "Barrenechea Bahamonde,G"]
[Black "Rodriguez Guerrero,E"]
[Result "0-1"]
[WhiteElo "2094"]
[BlackElo "2309"]

1.e4 c5 2.Nf3 e6 3.d4 cxd4 4.Nxd4 Nc6 5.Nb5 d6 6.Bf4 e5 7.Be3 a6 8.N5c3 Nf6
9.Bg5 Be7 10.Bxf6 Bxf6 11.Nd2 Be6 12.Nc4 Nd4 13.Nd5 Bxd5 14.exd5 Nf5 15.Qd3 g6
16.Be2 O-O 17.c3 Bg5 18.O-O Ne7 19.g3 f5 20.f4 e4 21.Qd2 Bf6 22.a4 Rc8 23.Kg2 Rc5
24.Na3 Kh8 25.c4 a5 26.Rab1 Nc8 27.Nb5 Kg8 28.Rfd1 Rf7 29.b4 axb4 30.Qxb4 h6
31.Nd4 Bxd4 32.Rxd4 Qa5 33.Rd2 Qa7 34.Rdb2 Ra5 35.Bd1 Ra6 36.Qd2 Rc7 37.Rb5 Nb6
38.c5 Nc8 39.Qb2 dxc5 40.Qe5 Re7 41.Qc3 c4 42.Qxc4 Nd6 43.Qb4 Rc7 44.Bb3 Kh7
45.Rb2 Nxb5 46.axb5 Rf6 47.d6 Rd7 48.Qc4 Qb8 49.Rd2 Qf8 50.b6 Kh8 51.Qc7 Qd8
52.Qxd8+ Rxd8 53.d7 Rxb6 54.Ba4 Kg7 55.Kf2 Kf8 56.Rd5 Rf6 57.Ke3 Ke7 58.h3 h5
59.Bb5 Rd6 60.Re5+ Kf6 61.g4 R6xd7 62.g5+ Kf7 63.Bc4+ Kg7 64.Re6 Rc7 65.Bb5 Rc3+
66.Ke2 Rxh3 67.Be8 Rxe8 68.Rxe8  0-1

[Event "TCh-FIN 2001-02"]
[Site "FIN"]
[Date "2002.01.19"]
[Round "6"]
[White "Taivainen,J"]
[Black "Norri,J"]
[Result "0-1"]
[WhiteElo "2262"]
[BlackElo "2423"]

1.e4 c5 2.Nf3 e6 3.d4 cxd4 4.Nxd4 Nc6 5.Nb5 d6 6.c4 Nf6 7.N1c3 a6 8.Na3 Be7
9.Be2 O-O 10.O-O b6 11.Be3 Ne5 12.Qb3 Ned7 13.Rfd1 Qc7 14.Rac1 Bb7 15.f3 Rac8
16.Bf1 Kh8 17.Kh1 Rg8 18.Nab1 g5 19.Qc2 Rg6 20.Qe2 Rcg8 21.Nd2 Nh5 22.g3 Ne5
23.Bd4 Bf6 24.Qe3 Nd7 25.Ne2 e5 26.Bc3 g4 27.fxg4 Bg5 28.Nf4 Nxf4 29.gxf4 Bxf4
30.Qf2 Rxg4 31.Bh3 f5 32.Bxg4 Rxg4 33.Re1 Nf6 34.h3 Rg3 35.Qxf4 exf4 36.Bxf6+ Kg8
37.Rg1 fxe4 38.Kh2 e3 39.Nb3 Qc6  0-1

[Event "Unilog-Integrata GM"]
[Site "Griesheim GER"]
[Date "2002.01.27"]
[Round "5"]
[White "Jakubiec,A"]
[Black "Milov,L"]
[Result "1/2-1/2"]
[WhiteElo "2518"]
[BlackElo "2470"]

1.e4 c5 2.Nf3 e6 3.d4 cxd4 4.Nxd4 Nc6 5.Nb5 d6 6.Bf4 e5 7.Be3 Be6 8.Nd2 Nf6
9.Bg5 Be7 10.Bxf6 Bxf6 11.Nc4 O-O 12.Qxd6 Qc8 13.Qc7 Nd4 14.Ne3 Bg5 15.c3 Bxe3
16.cxd4 Bxd4 17.Qxc8 Raxc8 18.Nxd4 exd4 19.Bd3 f5 20.f3 Bc4 21.Kd2 Bxd3 22.Kxd3 fxe4+
23.fxe4 Rf2 24.Rac1 Rcf8 25.b3 Rxa2 26.Rc7 b6 27.Kxd4 Rd8+ 28.Ke3 Rxg2 29.Rxa7 Rb2
30.Rg1 Rxb3+ 31.Kf4 Rf8+ 32.Ke5 Rb5+ 33.Kd4 g6 34.Rc1 Rb4+ 35.Ke3 Re8 36.Rcc7 Rbxe4+
37.Kf3 Rh4 38.Kg3 Rh5 39.Rab7 b5 40.h4 Re3+ 41.Kg2 Re8 42.Kg3 Kh8 43.Kg4 Ra8
44.Rd7 Rf8 45.Rdc7 Re8 46.Rd7 Re4+ 47.Kg3 Re3+ 48.Kg4 Re8 49.Rdc7 Kg8 50.Rg7+ Kh8
51.Rgc7  1/2-1/2

[Event "FSGM February"]
[Site "Budapest HUN"]
[Date "2002.02.03"]
[Round "2"]
[White "Varga,Zo"]
[Black "Medvegy,Z"]
[Result "1/2-1/2"]
[WhiteElo "2510"]
[BlackElo "2478"]

1.e4 c5 2.Nf3 e6 3.d4 cxd4 4.Nxd4 Nc6 5.Nb5 d6 6.c4 Nf6 7.N1c3 a6 8.Na3 b6
9.Be2 Bb7 10.Be3 Nb8 11.O-O Nbd7 12.f3 Be7 13.Rc1 O-O 14.Qd2 Qc7 15.Rfd1 Rac8
16.Bf1 Rfe8 17.Nab1 Qb8 18.b3 Bf8 19.Bf2 Bc6 20.Rc2 Ne5 21.h3 Qb7 22.Rdc1 Ng6
23.Qd4 Rb8 24.b4 Bd7 25.a3 Rec8 26.Nd2 b5 27.Nb3 Ne5 28.Na5 Nc6 29.Nxb7 Nxd4
30.Bxd4 Rxb7 31.cxb5 axb5 32.Nb1 Rxc2 33.Rxc2 Be7 34.Nd2 Bd8 35.Nb3 e5 36.Bf2 Kf8
37.Bd3 Nh5 38.g3 g6 39.Na5 Rc7 40.Rxc7 Bxc7 41.Nb3 Nf6  1/2-1/2

[Event "7th HIT Open"]
[Site "Nova Gorica SLO"]
[Date "2002.02.07"]
[Round "8"]
[White "Borisek,J"]
[Black "Lenic,L"]
[Result "1/2-1/2"]
[WhiteElo "2335"]
[BlackElo "2159"]

1.e4 c5 2.Nf3 e6 3.d4 cxd4 4.Nxd4 Nc6 5.Nb5 Nf6 6.Bf4 e5 7.Bg5 d6 8.Nd2 a6
9.Nc3 Be6 10.Nc4 Rc8 11.Bxf6 gxf6 12.Ne3 Bh6 13.Ned5 Nd4 14.Bd3 f5 15.exf5 Nxf5
16.O-O Rg8 17.Bxf5 Bxf5 18.f4 Rxc3 19.bxc3 Be4 20.Rf2 Bxf4 21.Nxf4 exf4 22.Qd2 Qb6
23.Qd4 Qxd4 24.cxd4 Bd5 25.Rc1 b5 26.a4 Kd7 27.axb5 axb5 28.Kf1 Rg4 29.c3 Rh4
30.Kg1 Rg4 31.Kf1 Rh4 32.Kg1 Rg4 33.h3 Rg3 34.Kh2 Ke6 35.Rb1 Bc6 36.d5+ Bxd5
37.Rxb5 Rxc3 38.Re2+ Re3 39.Rd2 Be4 40.Rb6 Rd3 41.Rxd3 Bxd3 42.Kg1 Be4 43.Kf2 Ke5
44.Rb8 d5  1/2-1/2

[Event "XVIII Open"]
[Site "Cappelle la Grande FRA"]
[Date "2002.02.16"]
[Round "8"]
[White "Velicka,P"]
[Black "Van den Doel,E"]
[Result "1/2-1/2"]
[WhiteElo "2445"]
[BlackElo "2585"]

1.e4 c5 2.Nf3 e6 3.d4 cxd4 4.Nxd4 Nc6 5.Nb5 Nf6 6.N1c3 d6 7.Bf4 e5 8.Bg5 a6
9.Na3 b5 10.Bxf6 gxf6 11.Nd5 f5 12.Bxb5 axb5 13.Nxb5 Ra4 14.Nbc7+ Kd7 15.b4 Rxb4
16.O-O Qe7 17.Nxe7 Bxe7 18.Qh5 Rxe4 19.Qxf7 Kxc7 20.a4 Rf8 21.Qb3 Rb4 22.Qd5 Ba6
23.Rfb1 Rd4 24.Qb3 Rb4 25.Qd5 Bc4 26.Qd2 Rxb1+ 27.Rxb1 f4 28.Qc3 d5 29.Qh3 e4
30.a5 Nxa5 31.Qxh7 Nc6 32.Ra1 e3 33.Ra7+ Kd8 34.Ra8+ Kc7 35.Ra7+ Kd8 36.Ra8+ Kc7
37.Ra7+ Kd8  1/2-1/2

[Event "TCh-FIN 2001-02"]
[Site "FIN"]
[Date "2002.02.16"]
[Round "7"]
[White "Nouro,M"]
[Black "Nevanlinna,R"]
[Result "0-1"]
[WhiteElo "2377"]
[BlackElo "2355"]

1.Nf3 c5 2.e4 e6 3.d4 cxd4 4.Nxd4 Nc6 5.Nb5 d6 6.c4 Nf6 7.N1c3 a6 8.Na3 b6
9.Be2 Bb7 10.Be3 Nb8 11.f3 Nbd7 12.O-O Be7 13.Rc1 O-O 14.Qb3 Qc7 15.Rfd1 Rac8
16.Nab1 Qb8 17.Nd2 Bc6 18.f4 Qb7 19.Bf3 b5 20.Nd5 exd5 21.cxd5 Nc5 22.Bxc5 Bxd5
23.exd5 dxc5 24.d6 Qa7 25.Nf1 Bd8 26.Kh1 c4 27.Qe3 Bb6 28.Qe7 Qxe7 29.dxe7 Rfe8
30.Bb7 Rb8 31.Bxa6 Ne4 32.g3 Nf2+ 33.Kg2 Nxd1 34.Rxd1 Rxe7 35.Bxb5 Rc7 36.a4 g6
37.Rd5 Kg7 38.Nd2 c3 39.bxc3 Rxc3 40.Nc4 Rc2+ 41.Rd2 Rxd2+ 42.Nxd2 Rd8 43.Nc4 Bc5
44.Kf3 Rd1 45.Nb2 Rd2 46.Nd3 Bb6 47.h3 Rh2 48.Bd7 f5 49.h4 Kf6 50.Bc8 h5
51.Ba6 Rd2 52.Bc4 Ke7 53.Bb5 Ke6 54.Bc4+ Kd6 55.a5 Ba7 56.a6 Bb6 57.g4 hxg4+
58.Kg3 Bg1 59.h5 gxh5 60.Kh4 Bb6 61.Ne5 Rh2+ 62.Kg3 Rh3+ 63.Kg2 h4 64.Bd3 Ke6
65.Bc4+ Ke7 66.Bd3 Re3 67.Bxf5 h3+ 68.Kf1 h2 69.Kg2 Re2+ 70.Kh1 g3  0-1

[Event "Petrov Mem Open"]
[Site "St Petersburg RUS"]
[Date "2002.02.16"]
[Round "5"]
[White "Gajsin,E"]
[Black "Zakharstov,V"]
[Result "0-1"]
[WhiteElo "2376"]
[BlackElo "2531"]

1.e4 c5 2.Nf3 Nc6 3.d4 cxd4 4.Nxd4 e6 5.Nb5 d6 6.c4 Nf6 7.N1c3 a6 8.Na3 Be7
9.Be2 b6 10.O-O Bb7 11.Be3 O-O 12.Qb3 Nd7 13.Rfd1 Nc5 14.Qc2 Bf6 15.Nab1 Nb4
16.Qd2 a5 17.f3 Qe7 18.Bf4 Be5 19.Bg5 Bf6 20.Bxf6 Qxf6 21.Na3 Rad8 22.Qe3 d5
23.cxd5 exd5 24.e5 Qe7 25.f4 f6 26.Rd2 fxe5 27.fxe5 Rde8 28.Nab5 Qxe5 29.Qxe5 Rxe5
30.Bf3 Ne4 31.Re2 Nxc3 32.Nxc3 Rxe2 33.Nxe2 Nd3 34.Rd1 Nxb2 35.Bxd5+ Bxd5
36.Rxd5 Nc4 37.Ng3 Rf6 38.Rd4 Ne3 39.h3 h6 40.Ne4 Rf1+ 41.Kh2 Ra1 42.Nc3 b5
43.Rd3 Nf1+ 44.Kg1 b4 45.Rd1 Rxd1 46.Nxd1 Nd2 47.Kf2 b3 48.axb3 Nxb3 49.Ke3 Kf7
50.Kd3 Ke6 51.Kc4 Nd2+ 52.Kb5 Ke5 53.Kxa5 Kf4 54.Kb5 Nf1 55.Nc3 Kg3 56.Ne2+ Kxg2
57.Nf4+ Kh2 58.h4 Ne3 59.Kc5 Nf5 60.Kd5 Nxh4 61.Ke5 g5 62.Nd5 g4 63.Ne3 g3
64.Kf6 Kh3  0-1

[Event "ch-Serbia"]
[Site "Leskovac YUG"]
[Date "2002.02.19"]
[Round "5"]
[White "Predojevic,B"]
[Black "Stojanovic,Da"]
[Result "1/2-1/2"]
[WhiteElo "2324"]
[BlackElo "2433"]

1.e4 c5 2.Nf3 e6 3.d4 cxd4 4.Nxd4 Nc6 5.Nb5 d6 6.c4 Nf6 7.N1c3 a6 8.Na3 Be7
9.Be2 O-O 10.O-O b6 11.Be3 Bb7 12.f3 Rc8 13.Qd2 Ne5 14.Rfd1 Qc7 15.Rac1 Ned7
16.Bf1 Qb8 17.Kh1 Rfe8 18.Bg1 g6 19.Nc2 Ne5 20.b3 Ba8 21.Ne3 Bc6 22.b4 a5
23.a3 axb4 24.axb4 Red8 25.Qb2  1/2-1/2

[Event "ch-POL w"]
[Site "Ostrow POL"]
[Date "2002.03.06"]
[Round "2"]
[White "Jurkiewicz,Ka"]
[Black "Grabarska,B"]
[Result "1/2-1/2"]
[WhiteElo "2175"]
[BlackElo "2302"]

1.e4 c5 2.Nf3 e6 3.d4 cxd4 4.Nxd4 Nc6 5.Nb5 d6 6.Bf4 e5 7.Be3 a6 8.N5c3 Nf6
9.Bg5 Be7 10.Bxf6 Bxf6 11.Nd2 Be6 12.Nc4 Nd4 13.Ne3 O-O 14.Bd3 Bg5 15.Ncd5 Rc8
16.c3 Nc6 17.O-O Ne7 18.Nxe7+ Qxe7 19.Qe2 Rcd8 20.Rfd1 g6 21.Bc2 Bxe3 22.Qxe3 d5
23.Bb3 dxe4  1/2-1/2

[Event "Anibal Open"]
[Site "Linares ESP"]
[Date "2002.03.08"]
[Round "8"]
[White "Kritz,L"]
[Black "Tissir,M"]
[Result "1-0"]
[WhiteElo "2453"]
[BlackElo "2368"]

1.e4 c5 2.Nf3 e6 3.d4 cxd4 4.Nxd4 Nc6 5.Nb5 d6 6.c4 Nf6 7.N1c3 a6 8.Na3 d5
9.cxd5 exd5 10.exd5 Nb4 11.Bc4 Bc5 12.O-O O-O 13.Nc2 Bg4 14.Qd2 Rc8 15.Bb3 Bf5
16.Ne3 Bg6 17.a3 Nd3 18.Bc2 Nxc1 19.Raxc1 Bxe3 20.fxe3 Bxc2 21.Qxc2 Qb6 22.Rce1 Rfe8
23.Qf2 Rc4 24.h3 h6 25.Kh1 Re7 26.Qc2 Rh4 27.g3 Ne4 28.Qg2 Nxc3 29.gxh4 Ne4
30.Rf4 f5 31.Rxf5 Qd6 32.Kg1 Ng3 33.Rf3 Ne4 34.Ref1 Kh7 35.Rf7 Rxf7 36.Rxf7 Ng3
37.Kf2 Qg6  1-0

[Event "ch-RUS Boys U20"]
[Site "Vladimir RUS"]
[Date "2002.03.12"]
[Round "11"]
[White "Kokarev,D"]
[Black "Bocharov,D"]
[Result "0-1"]
[WhiteElo "2478"]
[BlackElo "2452"]

1.e4 c5 2.Nf3 Nc6 3.d4 cxd4 4.Nxd4 e6 5.Nb5 d6 6.c4 Nf6 7.N1c3 a6 8.Na3 Be7
9.Be2 b6 10.O-O O-O 11.Be3 Ne5 12.f3 Bb7 13.Qb3 Ned7 14.Rfd1 Qc7 15.Rd2 Rac8
16.Rad1 h6 17.Kh1 Rfe8 18.Nab1 Kh8 19.a4 Rg8 20.Na3 Rge8 21.Nc2 Ba8 22.Bg1 Red8
23.Bf1 Ne8 24.Na3 Bf6 25.Bd4 Be5 26.Qa2 Nef6 27.b4 Bb7 28.Qb3 Bxd4 29.Rxd4 Ne5
30.R4d2 Qe7 31.Qb2 Rd7 32.Na2 Qd8 33.Nc3 Nh5 34.Na2 Qh4 35.Kg1 Qg5 36.Kh1 f5
37.exf5 Qxf5 38.Nc2 Nf4 39.Nd4 Qf6 40.Qb3 Rdc7 41.Re2 Qg6 42.Qe3 Rf7 43.Rdd2 Rcf8
44.Nc1 Ng4 45.Qg1 e5 46.Ndb3 e4 47.fxg4 Nh3  0-1

[Event "Spring Festival"]
[Site "Budapest HUN"]
[Date "2002.03.18"]
[Round "4"]
[White "Majeric,Z"]
[Black "Erdelyi,Z"]
[Result "0-1"]
[WhiteElo "2337"]
[BlackElo "2215"]

1.e4 c5 2.Nf3 e6 3.d4 cxd4 4.Nxd4 Nc6 5.Nb5 d6 6.c4 Nf6 7.N5c3 Be7 8.Be2 O-O
9.Be3 a6 10.O-O b6 11.f4 Bb7 12.a3 Qc7 13.b4 Nb8 14.Nd2 Nbd7 15.Rc1 Rac8
16.Qe1 Rfe8 17.Qf2 Bd8 18.g4 Nf8 19.g5 N6d7 20.Bf3 Qb8 21.Rfd1 Bc7 22.Ne2 Ng6
23.Bg2 Ba8 24.h4 b5 25.h5 Ne7 26.Nc3 Bc6 27.cxb5 axb5 28.Nb3 Qa8 29.Nd4 Qxa3
30.Nxc6 Nxc6 31.Nxb5 Qxb4 32.Rxc6 Qxb5 33.e5 Bb8 34.Rdc1 Nc5 35.Qf3 Qxc6
36.Qxc6 Rxc6 37.Bxc6 Rc8 38.Bb7 Rd8 39.exd6 Nxb7 40.Bb6 Bxd6 41.Bxd8 Nxd8
42.Rc8 Be7 43.Kg2 Kf8 44.Kf3 e5 45.fxe5 Bxg5 46.Ke4 g6 47.hxg6 hxg6 48.Ra8 Kg7
49.Rc8 Ne6 50.Ra8 Bf4 51.Rc8 g5 52.Re8 Nc5+ 53.Kf5 Nb3 54.Ke4 Nc5+ 55.Kf5 Ne6
56.Ke4 Nf8 57.Kf5 Ng6 58.e6 Nh4+ 59.Ke4 f5+ 60.Kd5 Ng6 61.Kc6 g4 62.Ra8 g3
63.Ra2 Kf6  0-1

[Event "Open"]
[Site "Mar del Plata ARG"]
[Date "2002.03.28"]
[Round "7"]
[White "Palau,I"]
[Black "Musanti,D"]
[Result "0-1"]
[WhiteElo "2257"]
[BlackElo "2281"]

1.e4 c5 2.Nf3 e6 3.d4 cxd4 4.Nxd4 Nc6 5.Nb5 d6 6.c4 Nf6 7.N5c3 Be7 8.Be3 a6
9.Be2 Qc7 10.Nd2 Ne5 11.O-O b6 12.f4 Ned7 13.Bf3 Bb7 14.Qe2 O-O 15.Rac1 Rac8
16.g4 Qb8 17.g5 Ne8 18.h4 Nc7 19.a4 Rfe8 20.h5 Bf8 21.g6 fxg6 22.hxg6 h6
23.Bg4 Bc6 24.Qh2 Nf6 25.Be2 Qb7 26.e5 Ne4 27.Ndxe4 Bxe4 28.Nxe4 Qxe4 29.Bxb6 dxe5
30.fxe5 Rb8 31.Rf4 Qc6 32.a5 Bc5+ 33.Kf1 Bxb6 34.axb6 Qxb6 35.Rc2 Rf8 36.Rf7 Rxf7+
37.gxf7+ Kxf7 38.Bg4 Kg8 39.c5 Qb4 40.Qe2 Rf8+ 41.Kg1 Qd4+ 42.Kg2 Nd5 43.Bxe6+ Kh8
44.Bxd5 Qxd5+ 45.Kg3 Rf5 46.Rc1  0-1

[Event "Donner Mem Rapid"]
[Site "Den Haag NED"]
[Date "2002.04.14"]
[Round "2"]
[White "Kuijpers,F"]
[Black "Langeweg,K"]
[Result "1-0"]
[WhiteElo "2381"]
[BlackElo "2318"]

1.e4 c5 2.Nf3 e6 3.d4 cxd4 4.Nxd4 Nc6 5.Nb5 d6 6.c4 Nf6 7.N1c3 a6 8.Na3 Be7
9.Be2 O-O 10.O-O b6 11.Be3 Bb7 12.Qb3 Nd7 13.Rfd1 Nc5 14.Qc2 Qc7 15.Rac1 Nb4
16.Qb1 Bf6 17.f3 Rad8 18.Nc2 Bxc3 19.bxc3 Nxc2 20.Rxc2 f5 21.exf5 Rxf5 22.Rb2 Na4
23.Bxb6 Nxb6 24.Rxb6 Bc8 25.Bd3 Rh5 26.Bf1 Rc5 27.Rb2 e5 28.Qe4 Be6 29.Bd3 g6
30.Rb7 Qc8 31.Rxh7 Bf5 32.Qh4 Rc7 33.Rh8+  1-0

[Event "XX Open"]
[Site "Metz FRA"]
[Date "2002.04.19"]
[Round "7"]
[White "Degraeve,JM"]
[Black "Jaracz,P"]
[Result "0-1"]
[WhiteElo "2591"]
[BlackElo "2513"]

1.e4 c5 2.Nf3 e6 3.d4 cxd4 4.Nxd4 Nc6 5.Nb5 d6 6.Bf4 e5 7.Be3 a6 8.N5c3 Nf6
9.Bg5 Be7 10.Bxf6 Bxf6 11.Bc4 O-O 12.O-O Be6 13.Nd5 Bg5 14.Nbc3 Rc8 15.Bb3 Nd4
16.Qd3 Kh8 17.Rad1 Bg4 18.Rde1 Be6 19.Rd1 Bg4 20.f3 Be6 21.Kh1 Bh6 22.Ne2 Nxb3
23.Qxb3 Rc5 24.a4 Qd7 25.Nec3 Rb8 26.Qa3 b5 27.axb5 axb5 28.Nb4 Rc4 29.Rd3 g6
30.Rfd1 Bf8 31.Ncd5 f5 32.b3 Rcc8 33.Qb2 Qf7 34.c3 Rb7 35.Ra1 g5 36.exf5 Bxf5
37.Rdd1 Be6 38.Qe2 Qg6 39.Ra5 Rc5 40.Ra8 Rf7 41.h3 h5 42.Qe4 Bf5 43.Qe3 Kh7
44.Rda1 g4 45.hxg4 hxg4 46.fxg4 Qxg4 47.R8a7 Bd7 48.Re1 Bg7 49.Qd3+ Bf5  0-1

[Event "Croatian Cup"]
[Site "Pula CRO"]
[Date "2002.05.07"]
[Round "1"]
[White "Muhvic,D"]
[Black "Rezan,S"]
[Result "0-1"]
[WhiteElo "2243"]
[BlackElo "2392"]

1.e4 c5 2.Nf3 e6 3.d4 cxd4 4.Nxd4 Nc6 5.Nb5 Nf6 6.N1c3 d6 7.Bf4 e5 8.Bg5 a6
9.Na3 Be6 10.Nc4 Rc8 11.Nd5 Bxd5 12.Bxf6 gxf6 13.exd5 Ne7 14.Qd2 f5 15.Qb4 Rc5
16.Qxb7 Bh6 17.Rd1 O-O 18.Be2 f4 19.Qxa6 Nf5 20.c3 e4 21.g4 Nh4 22.Rg1 f3
23.g5 Ng2+ 24.Kf1 Qxg5 25.Ne3 Kh8 26.Nxg2 Rg8 27.Qxd6 Ra5 28.a3  0-1

[Event "Capablanca Mem Mixto"]
[Site "Havana CUB"]
[Date "2002.05.12"]
[Round "6"]
[White "Zambrana,O"]
[Black "Collazo,N"]
[Result "1/2-1/2"]
[WhiteElo "2389"]
[BlackElo "2192"]

1.e4 c5 2.Nf3 e6 3.d4 cxd4 4.Nxd4 Nc6 5.Nb5 d6 6.Bf4 e5 7.Be3 a6 8.N5c3 Nf6
9.Bg5 Be6 10.Nd2 Rc8 11.Nc4 Nd4 12.Ne3 Be7 13.Bxf6 Bxf6 14.Bd3 Bg5 15.Ncd5 Bxe3
16.Nxe3 O-O 17.O-O b5 18.a4 Qb6 19.axb5 axb5 20.c3 Nb3 21.Ra3 Nc5 22.b4 Nxd3
23.Qxd3 Bc4 24.Nxc4 Rxc4 25.Qd5 g6 26.Rd1 Rfc8 27.Rd3 Qc6 28.f3 Qb6+ 29.Kf1 R8c6
30.g3 Kg7 31.Kg2 Qb8 32.h4 h5 33.Kh2 Qb6 34.Kg2 Qb8 35.g4 hxg4 36.fxg4 Qc8
37.Kf3  1/2-1/2

[Event "Open"]
[Site "Oberwart AUT"]
[Date "2002.07.08"]
[Round "4"]
[White "Hiermann,D"]
[Black "Al Modiahki,M"]
[Result "1/2-1/2"]
[WhiteElo "2249"]
[BlackElo "2523"]

1.e4 c5 2.Nf3 e6 3.d4 cxd4 4.Nxd4 Nc6 5.Nb5 d6 6.c4 Nf6 7.N1c3 a6 8.Na3 b6
9.Be3 Bb7 10.Be2 Nb8 11.f3 Nbd7 12.O-O Be7 13.Qd2 O-O 14.Rfd1 Qc7 15.Rac1 Rac8
16.Bf1 Qb8 17.Qf2 Bd8 18.Nc2 Bc7 19.Qh4 Ne5 20.Qe1 Rfe8 21.Bd4 d5 22.cxd5 Ned7
23.Qh4 exd5 24.exd5 Ne5 25.Nb4 b5 26.Kh1 Bd6 27.Nc6 Bxc6 28.dxc6 Rxc6 29.Ne4 Nxe4
30.Qxe4 Rxc1 31.Rxc1 h6 32.g3 Ng6 33.Qc6 Be5 34.Ba7 Qa8 35.b3 Bb2 36.Qxa8 Rxa8
37.Rc7  1/2-1/2

[Event "Open Championships"]
[Site "Paris FRA"]
[Date "2002.07.12"]
[Round "7"]
[White "Bratanov,Z"]
[Black "Rahman,Zia"]
[Result "1-0"]
[WhiteElo "2438"]
[BlackElo "2517"]

1.e4 c5 2.Nf3 e6 3.d4 cxd4 4.Nxd4 Nc6 5.Nb5 d6 6.c4 Nf6 7.N1c3 a6 8.Na3 Be7
9.Be2 b6 10.Be3 Ne5 11.O-O Bb7 12.f4 Ned7 13.Bf3 Qc7 14.Qe2 Rc8 15.Rac1 h6
16.g3 O-O 17.Bg2 Rfe8 18.Kh1 Qb8 19.Bg1 Qa8 20.Rfe1 Kh8 21.Rcd1 Rg8 22.Rf1 b5
23.cxb5 d5 24.e5 Bxa3 25.bxa3 Rxc3 26.exf6 Nxf6 27.Bd4 Rc4 28.b6 Nd7 29.g4 Qe8
30.g5 Kh7 31.Qd3+ g6 32.Rfe1 Qf8 33.Re3 Nc5 34.Qe2 Ne4 35.Rxe4 Qd6 36.Be5 Qxb6
37.Re3 Rgc8 38.Rh3 Kg8 39.Rxh6 Kf8 40.f5 gxf5 41.Qh5  1-0

[Event "1st Open"]
[Site "Condom FRA"]
[Date "2002.07.15"]
[Round "4"]
[White "Santo Roman,M"]
[Black "Belkhodja,S"]
[Result "1-0"]
[WhiteElo "2418"]
[BlackElo "2505"]

1.e4 c5 2.Nf3 e6 3.d4 cxd4 4.Nxd4 Nc6 5.Nb5 d6 6.c4 Nf6 7.N5c3 Be7 8.Be2 O-O
9.O-O b6 10.Bf4 Bb7 11.Nd2 Nd4 12.Bd3 Nd7 13.Re1 Ne5 14.Bf1 Bg5 15.Be3 Bxe3
16.Rxe3 f5 17.exf5 Nxf5 18.Rh3 Qg5 19.Nde4 Bxe4 20.Nxe4 Qf4 21.Qe2 d5 22.cxd5 exd5
23.Nc3 Rad8 24.Rd1 d4 25.Qe4 Qxe4 26.Nxe4 Rfe8 27.Rh5 g6 28.Rxf5 gxf5 29.Nf6+ Kf7
30.Nxe8 Rxe8 31.Rxd4 Rc8 32.f4 Ng4 33.Bc4+ Ke7 34.h3 b5 35.hxg4 bxc4 36.gxf5 h5
37.Kh2 Kf6 38.g3 Kxf5 39.Kh3 c3 40.bxc3 Rxc3 41.Ra4 Rc7 42.Ra5+ Ke4 43.Kh4 Rc3  1-0

[Event "KB Czech Open"]
[Site "Pardubice CZE"]
[Date "2002.07.21"]
[Round "3"]
[White "Sandipan,C"]
[Black "Lindberg,Be"]
[Result "1-0"]
[WhiteElo "2507"]
[BlackElo "2362"]

1.e4 c5 2.Nf3 e6 3.d4 cxd4 4.Nxd4 Nc6 5.Nb5 d6 6.c4 Nf6 7.N1c3 a6 8.Na3 Be7
9.Be2 O-O 10.O-O b6 11.Be3 Ne5 12.f3 Qc7 13.Qb3 Rb8 14.Rac1 Rd8 15.Rfd1 Ned7
16.Kh1 Bb7 17.Bg1 Ba8 18.Nab1 Kh8 19.Qa3 Qb7 20.b4 g5 21.Na4 g4 22.fxg4 Qxe4
23.Bf3 Qg6 24.Bxa8 Rxa8 25.Nxb6 Nxb6 26.Bxb6 Rg8 27.Qb2 Rg7 28.c5 d5 29.c6 Nxg4
30.h3 Ne5 31.Bd4 f6 32.Bxe5 fxe5 33.c7 Rc8 34.Rc6 d4 35.a3 Bg5 36.Qe2 Bf4
37.Nd2 Rgxc7 38.Rxc7 Rxc7 39.Qxa6 Qc2 40.Qe2 e4 41.g3 Bxd2 42.Rxd2 d3 43.Qf1 Qc1
44.Rd1 Qh6 45.b5 Kg8 46.h4 Qe3 47.Qf6 Rf7 48.Qxe6 Qf3+ 49.Kh2 Qf2+ 50.Kh3 Qf5+
51.Qxf5 Rxf5 52.Kg4 Re5 53.b6 Re8 54.b7 Kf7 55.Kf4 e3 56.b8=Q Rxb8 57.Kxe3 Rg8
58.Kf4 Rd8 59.Rd2 Kf6 60.Ke4 Re8+ 61.Kxd3 Ra8 62.Ra2 Kf5 63.a4 Kg4 64.a5 Kxg3
65.Ra4 h5 66.a6 Rd8+ 67.Ke4 Kxh4 68.a7 Ra8 69.Kf5+ Kg3 70.Kg5 Kf3 71.Kxh5 Ke3
72.Kg5 Kd3 73.Kf5 Kc3 74.Ke5 Kb3 75.Ra1 Kc4 76.Kd6 Kb5 77.Kc7  1-0

[Event "ch-TUR"]
[Site "Ankara TUR"]
[Date "2002.07.25"]
[Round "2"]
[White "Ulucan,T"]
[Black "Karadeniz,E"]
[Result "1-0"]
[WhiteElo "2076"]
[BlackElo "2300"]

1.e4 c5 2.Nf3 e6 3.d4 cxd4 4.Nxd4 Nc6 5.Nb5 d6 6.Bf4 e5 7.Be3 Nf6 8.N1c3 a6
9.Na3 b5 10.Nd5 Nxd5 11.exd5 Ne7 12.c4 Nf5 13.Bd2 Be7 14.cxb5 O-O 15.Bc4 Qb6
16.O-O Bd7 17.bxa6 Qxb2 18.Qc1 Qd4 19.Qc3 Qh4 20.Rab1 e4 21.Be3 Bf6 22.Qd2 Be5
23.h3 Nxe3 24.Qxe3 Rae8 25.Bb5 Bxb5 26.Nxb5 Bf4 27.g3 Bxe3 28.gxh4 Bc5 29.Nc7 Re7
30.Rb7 Rc8 31.Rfb1 Kf8 32.Nb5 Ke8 33.Kg2 f5 34.Rc1 Rd7 35.Nd4 Ra8 36.Nxf5 Rxa6
37.Nxg7+ Rxg7+ 38.Rxg7 Rxa2 39.Rb1 Rxf2+ 40.Kg3 Kf8 41.Rxh7 Kg8 42.Re7 e3
43.Rb8+ Rf8 44.Rxf8+ Kxf8 45.Re6 Kf7 46.Kf4 Kg7 47.h5 Kh7 48.Kg5 Bb4 49.Re7+ Kg8
50.Kg6 Kf8 51.Rxe3  1-0

[Event "6th Open"]
[Site "Korinthos GRE"]
[Date "2002.07.26"]
[Round "4"]
[White "Shavtvaladze,N"]
[Black "Romanishin,O"]
[Result "0-1"]
[WhiteElo "2399"]
[BlackElo "2559"]

1.e4 c5 2.Nf3 e6 3.d4 cxd4 4.Nxd4 Nc6 5.Nb5 d6 6.Bf4 e5 7.Be3 a6 8.N5c3 Nf6
9.Bg5 Be7 10.Nd2 O-O 11.Bxf6 Bxf6 12.Nc4 Nd4 13.Nd5 Be6 14.Nce3 Bg5 15.c3 Nc6
16.Be2 g6 17.Bg4 Kh8 18.Qf3 f5 19.exf5 gxf5 20.Bxf5 e4 21.Qh3 Rxf5 22.Nxf5 Bxd5
23.Ne3 Bg8 24.Qf5 Qe7 25.O-O Rf8 26.Qg4 d5  0-1

[Event "2nd Summer Open"]
[Site "Savaria HUN"]
[Date "2002.07.27"]
[Round "2"]
[White "Szarvas,Z"]
[Black "Dovzik,J"]
[Result "1/2-1/2"]
[WhiteElo "2171"]
[BlackElo "2399"]

1.e4 c5 2.Nf3 e6 3.d4 cxd4 4.Nxd4 Nc6 5.Nb5 Nf6 6.N1c3 d6 7.Bf4 e5 8.Bg5 a6
9.Na3 Be6 10.Nc4 Rc8 11.Ne3 Be7 12.Bxf6 Bxf6 13.Ncd5 Bg5 14.Bd3 O-O 15.O-O g6
16.c3 Kh8 17.Kh1 Bh6 18.Qf3 f6 19.Rad1 Rf7 20.Bc2 Qf8 21.Bb3 Na5 22.Bc2 Re8
23.Kg1 f5 24.exf5 gxf5 25.Qh5 Nc6 26.f4 exf4 27.Nxf4 Ne5 28.Ned5 Bd7 29.Nc7 Bxf4
30.Rxf4 Ng6 31.Rfd4 Re5 32.Rxd6 Re1+ 33.Kf2 Qe7 34.Nd5 Qxd6 35.Kxe1 Bc6 36.Bb3 Qe5+
37.Kf2 Rf8 38.h3 a5 39.a4 Rd8 40.Qg5 Rf8 41.Qe3 Qg7 42.Qd4 Ne5 43.Re1 Re8
44.Nf4 Be4 45.g3 h5 46.Bd5 h4 47.Rg1 Qh6 48.Bxe4 hxg3+ 49.Rxg3 Qxf4+ 50.Bf3 Qxd4+
51.cxd4 Nd3+ 52.Kg2 Nxb2  1/2-1/2